دراسات فى الإقتصاد الدولى / (Record no. 29395)
[ view plain ]
| 000 -LEADER | |
|---|---|
| fixed length control field | 00783cam a2200241 a 4500 |
| 001 - CONTROL NUMBER | |
| control field | u327 |
| 003 - CONTROL NUMBER IDENTIFIER | |
| control field | SIRSI |
| 005 - DATE AND TIME OF LATEST TRANSACTION | |
| control field | 20250821132643.0 |
| 008 - FIXED-LENGTH DATA ELEMENTS--GENERAL INFORMATION | |
| fixed length control field | 960326s1989 ua b 000 0 ara d |
| 039 #9 - LEVEL OF BIBLIOGRAPHIC CONTROL AND CODING DETAIL [OBSOLETE] | |
| Level of rules in bibliographic description | 200304021230 |
| Level of effort used to assign nonsubject heading access points | nadia |
| 040 ## - CATALOGING SOURCE | |
| Original cataloging agency | EAL. |
| 041 ## - LANGUAGE CODE | |
| Language code of text/sound track or separate title | ara |
| 050 ## - LIBRARY OF CONGRESS CALL NUMBER | |
| Classification number | HF1359 |
| Item number | H38 1989 |
| 100 1# - MAIN ENTRY--PERSONAL NAME | |
| Personal name | حاتم، سامى عفيفى. |
| 9 (RLIN) | 36980 |
| 245 10 - TITLE STATEMENT | |
| Title | دراسات فى الإقتصاد الدولى / |
| Statement of responsibility, etc. | سامى عفيفى حاتم. |
| 250 ## - EDITION STATEMENT | |
| Edition statement | ط 3. |
| 260 ## - PUBLICATION, DISTRIBUTION, ETC. | |
| Place of publication, distribution, etc. | القاهرة : |
| Name of publisher, distributor, etc. | الدار المصرية اللبنانية، |
| Date of publication, distribution, etc. | ح 1989. |
| 300 ## - PHYSICAL DESCRIPTION | |
| Extent | 270 ص ؛ |
| Dimensions | 24 سم. |
| 504 ## - BIBLIOGRAPHY, ETC. NOTE | |
| Bibliography, etc. note | يحتوى على قائمة ببليوجرافية بالمراجع (ص251-270) |
| 650 #0 - SUBJECT ADDED ENTRY--TOPICAL TERM | |
| Topical term or geographic name entry element | الاقتصاد الدولي. |
| 9 (RLIN) | 36981 |
| 910 ## - USER-OPTION DATA (OCLC) | |
| User-option data | hsm03/96 |
| 942 ## - ADDED ENTRY ELEMENTS (KOHA) | |
| Koha item type | Books |
| Source of classification or shelving scheme | Library of Congress Classification |
| Withdrawn status | Lost status | Source of classification or shelving scheme | Damaged status | Not for loan | Home library | Current library | Date acquired | Total Checkouts | Full call number | Barcode | Date last seen | Copy number | Price effective from | Koha item type |
|---|---|---|---|---|---|---|---|---|---|---|---|---|---|---|
| Library of Congress Classification | Main | Main | 02/20/2018 | HF1359 H38 1989 | 0014134 | 08/21/2025 | 1 | 02/20/2018 | Books |